| 000 | 01992cam a2200469 i 4500 | ||
|---|---|---|---|
| 001 | 1959 | ||
| 003 | OSt | ||
| 005 | 20260414160333.0 | ||
| 008 | 210331s2017 fr j 000 1 fre | ||
| 010 | _a 2021397212 | ||
| 020 |
_a9782075090889 _q(set ; _qbox) |
||
| 035 | _a22282967 | ||
| 035 | _a(Fr-PaAMA)AAL0869178-0001 | ||
| 040 |
_aDLC _beng _cDLC _erda |
||
| 041 | 1 |
_afre _heng |
|
| 042 | _apcc | ||
| 050 | 0 | 0 |
_aPZ23.R725 _bC64 2017 |
| 100 | 1 |
_aRowling, J. K., _eauthor. |
|
| 245 | 1 | 0 |
_aCoffret collector Harry Potter / _cJ.K. Rowling ; traduit de l'anglais par Jean-François Ménard. |
| 246 | 3 | 0 | _aHarry Potter |
| 246 | 3 | 0 | _aHP |
| 264 | 1 |
_aParis : _bGallimard jeunesse, _c[2017] |
|
| 300 |
_a1 box ; _c19 x 22 x 13 cm. |
||
| 336 |
_atext _btxt _2rdacontent |
||
| 337 |
_aunmediated _bn _2rdamedia |
||
| 338 |
_avolume _bnc _2rdacarrier |
||
| 490 | 0 | _aFolio junior | |
| 500 | _aTitle from publisher. | ||
| 500 | _aThe box contains the seven Harry Potter novels translated into French. | ||
| 505 | 0 | _a1. Harry Potter à l'école des sorciers -- 2. Harry Potter et la chambre des secrets -- 3. Harry Potter et le prisonnier d'Azkaban --4. Harry Potter et la coupe de feu -- 5. Harry Potter et l'ordre du Phénix -- 6. Harry Potter et le prince de sang-mêlé -- 7. Harry Potter et les reliques de la mort. | |
| 600 | 1 | 0 |
_aPotter, Harry _c(Fictitious character) _vJuvenile fiction. |
| 650 | 0 |
_aWizards _vJuvenile fiction. |
|
| 650 | 0 |
_aMagic _vJuvenile fiction. |
|
| 650 | 0 |
_aSchools _vJuvenile fiction. |
|
| 651 | 0 |
_aEngland _vJuvenile fiction. |
|
| 655 | 7 |
_aFiction. _2lcgft _0https://id.loc.gov/authorities/genreForms/gf2014026339 |
|
| 700 | 1 |
_aMénard, Jean-François, _etranslator. |
|
| 906 |
_a7 _bcbc _corigres _d2 _encip _f20 _gy-gencatlg |
||
| 942 |
_2ddc _cBOOK _n0 |
||
| 999 |
_c1959 _d1959 |
||